都道府県知事 - Statistics

General Stats
  • This quiz has been taken 8 times
  • The average score is 14 of 47
Answer Stats
都道府県 知事 % Correct
東京都 小池百合子
100%
沖縄県 玉城康浩
75%
神奈川県 黒岩祐治
63%
大阪府 吉村洋文
63%
岡山県 伊原木隆太
63%
北海道 鈴木直道
50%
福岡県 服部誠太郎
50%
山形県 吉村美栄子
38%
岩手県 達増拓也
38%
群馬県 山本一太
38%
埼玉県 大野元裕
38%
静岡県 鈴木康友
38%
山梨県 長崎幸太郎
38%
愛知県 大村秀章
38%
三重県 一見勝之
38%
滋賀県 三日月大造
38%
青森県 宮下宗一郎
25%
宮城県 村井嘉浩
25%
福島県 内堀雅雄
25%
新潟県 花角英世
25%
千葉県 熊谷俊人
25%
長野県 阿部守一
25%
富山県 新田八朗
25%
石川県 山野之義
25%
和歌山県 宮崎泉
25%
奈良県 山下真
25%
京都府 西脇隆俊
25%
兵庫県 斎藤元彦
25%
鳥取県 平井伸治
25%
島根県 丸山達也
25%
徳島県 後藤田正純
25%
大分県 佐藤樹一郎
25%
秋田県 鈴木健太
13%
茨城県 大井川和彦
13%
栃木県 福田富一
13%
福井県 石田嵩人
13%
岐阜県 江崎禎英
13%
広島県 横田美香
13%
山口県 村岡嗣政
13%
香川県 池田豊人
13%
高知県 浜田省司
13%
佐賀県 山口祥義
13%
長崎県 平田研
13%
宮崎県 河野俊嗣
13%
熊本県 木村敬
13%
鹿児島県 塩田康一
13%
愛媛県 中山時広
0%
No matching quizzes found
Score Distribution
Percent of People with Each Score
Percentile by Number Answered
Your Score History
You have not taken this quiz